000 00454nam a2200157 i 4500
001 27144
003 ES-MaACL
005 20230906153552.0
007 t|
008 030113s1968 sp ||||1| spa d
100 1 _aAza G. Escalada, Antonio.
_924211
245 1 0 _aDesde mi rincón
_b: rimas humorísticas /
_cAntonio Aza G. Escalada.
260 _aOviedo :
_b[s.n.,
_c1968] (
_fLux)
300 _a451 p. ;
_c20 cm.
852 _aES-MaACL
_jC-35257
_bR.68250
999 _c27144
_d27144